[Event "Montreal Pere Noel op"]
[Site "Montreal"]
[Date "2024.12.30"]
[Round "5"]
[White "Nassif, Aba"]
[Black "Sanders, Marcus"]
[Result "1-0"]
[WhiteElo "1849"]
[BlackElo "1771"]
[PlyCount "129"]
[EventDate "2024.12.27"]
[EventType "swiss"]
[EventRounds "5"]
[EventCountry "CAN"]
[SourceTitle "CB04_2025"]
[SourceDate "2025.01.22"]
[SourceVersion "1"]
[SourceVersionDate "2025.01.22"]
[SourceQuality "1"]

1. d4 Nf6 2. Nc3 d5 3. Bf4 a6 4. e3 e6 5. g4 Bb4 6. Bg2 c5 7. g5 cxd4 8. exd4 Ne4 9. Bxe4 Bxc3+ 10. bxc3 dxe4 11. Ne2 Bd7 12. c4 Bc6 13. Qc1 0-0 14. Qe3 Nd7 15. 0-0 e5 16. dxe5 Qe7 17. Nd4 Nxe5 18. Nxc6 Nxc6 19. Rad1 Qe6 20. Rfe1 Qxc4 21. Qxe4 Qxe4 22. Rxe4 Rad8 23. Rb1 b5 24. a4 Rd4 25. Rbe1 Rxe4 26. Rxe4 Rc8 27. Bd2 f6 28. gxf6 gxf6 29. axb5 axb5 30. Bc3 f5 31. Re2 Kf7 32. Kg2 Rc7 33. Kf3 Ne7 34. Bd4 Ng6 35. c3 Rd7 36. Rb2 Rd5 37. Ke3 Ne5 38. Rb1 Ng6 39. Ra1 Rd7 40. Ra6 Ke8 41. Rf6 Rd5 42. h4 Ke7 43. Ra6 Rd7 44. h5 Nf8 45. Bf6+ Kf7 46. Kf4 Rd5 47. Be5 Nd7 48. Bh8 Kg8 49. Ra8+ Kf7 50. h6 Nf8 51. Ra7+ Nd7 52. Bg7 Ke7 53. Rb7 Ke6 54. Bd4 Kf7 55. Kg5 Ke6 56. Bh8 Kf7 57. f4 Ke6 58. Ra7 Kf7 59. Ra5 Rc5 60. Bg7 Ke7 61. Ra8 Kf7 62. Rh8 Rd5 63. Rxh7 Nc5 64. Be5+ Kf8 65. Kxf5 1-0

[Event "Montreal Pere Noel op"]
[Site "Montreal"]
[Date "2024.12.28"]
[Round "3"]
[White "Nassif, Aba"]
[Black "Yang, Jing Yao"]
[Result "1-0"]
[WhiteElo "1849"]
[BlackElo "1741"]
[PlyCount "57"]
[EventDate "2024.12.27"]
[EventType "swiss"]
[EventRounds "5"]
[EventCountry "CAN"]
[SourceTitle "CB04_2025"]
[SourceDate "2025.01.22"]
[SourceVersion "1"]
[SourceVersionDate "2025.01.22"]
[SourceQuality "1"]

1. d4 Nf6 2. Nc3 d5 3. Bf4 a6 4. e3 e6 5. g4 Bb4 6. Bg2 Ne4 7. Bxe4 dxe4 8. g5 b6 9. Nge2 Bb7 10. a3 Bxc3+ 11. Nxc3 Nd7 12. Qg4 c5 13. 0-0-0 Qc8 14. Bd6 Qc6 15. Qf4 cxd4 16. exd4 Rc8 17. Rhe1 f5 18. f3 g6 19. fxe4 Kf7 20. d5 Qc4 21. dxe6+ Qxe6 22. exf5 Qxf5 23. Re7+ Kg8 24. Qxf5 gxf5 25. Rxd7 Bc6 26. Ra7 Bf3 27. Rf1 Bg4 28. Nd5 Rd8 29. Nf6# 1-0

[Event "Montreal op"]
[Site "Montreal"]
[Date "2024.09.15"]
[Round "4"]
[White "Nassif, Aba"]
[Black "Porlier, Xavier"]
[Result "0-1"]
[WhiteElo "1861"]
[BlackElo "1893"]
[PlyCount "60"]
[EventDate "2024.09.13"]
[EventType "swiss"]
[EventRounds "5"]
[EventCountry "CAN"]
[SourceTitle "EXT 2025"]
[Source "ChessBase"]
[SourceDate "2024.10.14"]
[SourceVersion "1"]
[SourceVersionDate "2024.10.14"]
[SourceQuality "1"]

1. d4 d5 2. Nc3 Nf6 3. Bf4 c5 4. e4 Nxe4 5. Nxe4 dxe4 6. dxc5 Qa5+ 7. c3 Qxc5 8. Qa4+ Nc6 9. Qxe4 Bf5 10. Qe3 e5 11. Nf3 0-0-0 12. Qxc5 Bxc5 13. Bg3 e4 14. Nd2 e3 15. fxe3 Bxe3 16. Nc4 Bc5 17. b4 Rhe8+ 18. Be2 Bd3 19. 0-0-0 Bxe2 20. bxc5 Rxd1+ 21. Rxd1 Bxc4 22. Rd2 Re2 23. Rxe2 Bxe2 24. Bf4 Bc4 25. a3 Kd7 26. Kd2 Ke6 27. Ke3 Kd5 28. Bd6 Nd8 29. Kf4 Ne6+ 30. Kf5 h5 0-1

[Event "Canadian op"]
[Site "Laval"]
[Date "2024.07.17"]
[Round "7"]
[White "Saha, Ananda"]
[Black "Nassif, Aba"]
[Result "1-0"]
[WhiteElo "2098"]
[BlackElo "1881"]
[PlyCount "59"]
[EventDate "2024.07.13"]
[EventType "swiss"]
[EventRounds "9"]
[EventCountry "CAN"]
[SourceTitle "EXT 2025"]
[Source "ChessBase"]
[SourceDate "2024.10.14"]
[SourceVersion "1"]
[SourceVersionDate "2024.10.14"]
[SourceQuality "1"]

1. d4 d5 2. c4 e5 3. dxe5 d4 4. Nf3 Nc6 5. a3 a5 6. Nbd2 Nge7 7. g3 Nf5 8. Bg2 Be7 9. 0-0 g5 10. Ne4 g4 11. Ne1 Nxe5 12. Nd3 Nxd3 13. exd3 h5 14. Re1 Kf8 15. Bf4 Ra6 16. Qd2 a4 17. Re2 Rg6 18. Qa5 b6 19. Qxa4 Bd7 20. Qa7 c5 21. Rae1 Kg7 22. Be5+ f6 23. Bc7 Qc8 24. Nd2 Re8 25. Qxb6 Bd8 26. Rxe8 Bxe8 27. Bxd8 Bf7 28. Ne4 h4 29. Bxf6+ Kh6 30. Qd8 1-0

[Event "Laval op"]
[Site "Laval"]
[Date "2024.06.23"]
[Round "5"]
[White "Chouchane, Amine"]
[Black "Nassif, Aba"]
[Result "1/2-1/2"]
[WhiteElo "2113"]
[BlackElo "2059"]
[PlyCount "169"]
[EventDate "2024.06.21"]
[EventType "swiss"]
[EventRounds "5"]
[EventCountry "CAN"]
[SourceTitle "CBM 221 Extra"]
[Source "ChessBase"]
[SourceDate "2024.09.30"]
[SourceVersion "1"]
[SourceVersionDate "2024.09.30"]
[SourceQuality "1"]

1. e4 e5 2. Bc4 Nf6 3. d3 Bc5 4. Nf3 Qe7 5. 0-0 d6 6. Re1 Bg4 7. c3 Nbd7 8. a4 a6 9. Nbd2 0-0 10. h3 Bh5 11. Nf1 c6 12. Ng3 Bg6 13. Nh4 d5 14. Nhf5 Qd8 15. Ba2 Qb6 16. Qf3 a5 17. Re2 dxe4 18. dxe4 Rfe8 19. Bg5 Bf8 20. h4 c5 21. Ne3 h6 22. Nc4 Qc6 23. Bd2 Red8 24. h5 Bh7 25. Nf5 Bxf5 26. Qxf5 Qe6 27. Qxe6 fxe6 28. Na3 Ra6 29. Nb5 Rc6 30. Na7 Ra6 31. Nb5 Rc8 32. Bc4 Nxh5 33. Rd1 Nhf6 34. Be3 Be7 35. Red2 Nf8 36. f3 Raa8 37. Nd6 Rc7 38. Nb5 Rc6 39. Kf2 g5 40. Nd6 Bxd6 41. Rxd6 Rac8 42. Rxc6 Rxc6 43. Rd8 Kf7 44. Ra8 b6 45. Ra7+ N8d7 46. Ke2 Ke7 47. Ra8 Kf7 48. Bg1 h5 49. Bh2 Rc7 50. b3 Ke7 51. Bb5 Kd6 52. Rh8 Rb7 53. Ke3 Rb8 54. Rxb8 Nxb8 55. Be2 Nc6 56. Kd3 Ne7 57. Kc4 Ng6 58. Kb5 Nd7 59. Bg1 Nf4 60. Bf1 g4 61. fxg4 hxg4 62. g3 Nh5 63. Bf2 Kc7 64. Bd3 Ng7 65. b4 axb4 66. cxb4 cxb4 67. Kxb4 Ne8 68. Be3 Nd6 69. Bc2 Nf6 70. Bb3 Ndxe4 71. Bxe6 Kc6 72. Kc4 Nxg3 73. Bg5 Nge4 74. Be3 g3 75. Bh3 Nd5 76. Bh6 Nf2 77. Bg2 e4 78. Kd4 Kd6 79. Bg5 Ke6 80. Bh4 Nf4 81. Bxg3 Nxg2 82. Bxf2 e3 83. Bxe3 Nxe3 84. Kxe3 Kd5 85. Kd3 1/2-1/2

[Event "Laval op"]
[Site "Laval"]
[Date "2024.06.23"]
[Round "4"]
[White "Nassif, Aba"]
[Black "Pomerantz, Daniel"]
[Result "0-1"]
[WhiteElo "2059"]
[BlackElo "2113"]
[PlyCount "126"]
[EventDate "2024.06.21"]
[EventType "swiss"]
[EventRounds "5"]
[EventCountry "CAN"]
[SourceTitle "CBM 221 Extra"]
[Source "ChessBase"]
[SourceDate "2024.09.30"]
[SourceVersion "1"]
[SourceVersionDate "2024.09.30"]
[SourceQuality "1"]

1. d4 Nf6 2. Nc3 d5 3. Bf4 c5 4. e4 Nxe4 5. Nxe4 dxe4 6. dxc5 Qa5+ 7. c3 Qxc5 8. Qa4+ Nc6 9. Qxe4 g6 10. 0-0-0 Bg7 11. Be3 Qa5 12. Bc4 Bf5 13. Qd5 Qxd5 14. Bxd5 Rc8 15. a3 b6 16. Ne2 e5 17. Ng3 0-0 18. Nxf5 gxf5 19. Bxc6 Rxc6 20. Rd7 a5 21. Rb7 Bh6 22. Re1 e4 23. Kc2 Bxe3 24. Rxe3 Re8 25. Rg3+ Kf8 26. Rg5 Rf6 27. Kd2 f4 28. Rd5 e3+ 29. Ke2 f3+ 30. gxf3 Rxf3 31. fxe3 Rexe3+ 32. Kd2 Re6 33. Rb5 Rh6 34. Ke2 Rfh3 35. R5xb6 Rxh2+ 36. Kd3 R6h3+ 37. Kc4 Rf3 38. Kd5 Rd2+ 39. Kc5 h5 40. c4 h4 41. Rh6 h3 42. b4 axb4 43. axb4 Kg7 44. Rh4 h2 45. Rb8 Rf5+ 46. Kc6 Rf4 47. Rbh8 Rxc4+ 48. Rxc4 Kxh8 49. Rh4+ Kg7 50. b5 Kg6 51. b6 Kg5 52. Rh8 Kg4 53. b7 Rc2+ 54. Kd5 Rb2 55. Ke5 Rxb7 56. Rxh2 f5 57. Rg2+ Kf3 58. Rg8 f4 59. Rf8 Re7+ 60. Kf5 Ke3 61. Ra8 f3 62. Ra3+ Kf2 63. Kg4 Kg2 0-1